| Tag |
First Indicator |
Second Indicator |
Subfields |
| LEADER |
00000cam a2200000 4500 |
| 001 |
in00000037853 |
| 005 |
20151007080654.0 |
| 008 |
750724s1964 eng u |
| 010 |
|
|
|a 64013242
|
| 035 |
|
|
|a (OCoLC)01474786
|
| 035 |
|
|
|9 AAF5184AM
|
| 040 |
|
|
|c DZM
|d OCL
|d TXA
|d UtOrBLW
|
| 049 |
|
|
|a TXAM
|c [453058]
|
| 050 |
0 |
0 |
|a B72
|b .O2
|
| 082 |
0 |
|
|a 190
|
| 092 |
|
|
|a 190.9
|b O18c
|
| 100 |
1 |
|
|a O'Connor, D. J.
|q (Daniel John),
|d 1914-2012.
|
| 245 |
1 |
2 |
|a A critical history of Western philosophy.
|
| 264 |
|
1 |
|a [New York] :
|b Free Press of Glencoe,
|c [1964]
|
| 300 |
|
|
|a vi, 604 pages ;
|c 23 cm.
|
| 336 |
|
|
|a text
|b txt
|2 rdacontent
|
| 337 |
|
|
|a unmediated
|b n
|2 rdamedia
|
| 338 |
|
|
|a volume
|b nc
|2 rdacarrier
|
| 490 |
1 |
|
|a Free Press textbooks in philosophy
|
| 650 |
|
0 |
|a Philosophy
|x History.
|
| 830 |
|
0 |
|a Free Press textbooks in philosophy.
|
| 999 |
|
|
|a MARS
|
| 999 |
f |
f |
|s 14efe0d8-327f-3401-bc61-335b5becc638
|i e38aaae8-221a-37b0-96b3-cd4024165fd3
|t 0
|
| 952 |
f |
f |
|p normal
|a Texas A&M University
|b College Station
|c Sterling C. Evans Library
|d Evans: Library Stacks
|t 0
|e B72 .O2
|h Library of Congress classification
|i unmediated -- volume
|m A14800541011
|
| 998 |
f |
f |
|a B72 .O2
|t 0
|l Evans: Library Stacks
|